| 000 | 00858nam a2200229 i 4500 | ||
|---|---|---|---|
| 001 | 115739 | ||
| 003 | ES-MaACL | ||
| 005 | 20250902051951.0 | ||
| 007 | t| | ||
| 008 | 070511s1975 sp ||||1| spa d | ||
| 080 | _a331.1(46) | ||
| 080 | _a377(46) | ||
| 245 | 0 | 0 |
_aUniversidad-Empresa en Europa _b: intervenciones en el I Seminario Relaciones Universidad-Empresa en Europa / _cG. Gozzer... [et al.]. |
| 260 |
_aMadrid : _bIbérico Europea, _c[1975] |
||
| 300 |
_a310 p. ; _c22 cm. |
||
| 650 | 1 | 4 |
_aEmpleo- _zEspaña- _vCongresos y asambleas. _912203 |
| 650 | 1 | 4 |
_aFormación profesional- _zEspaña- _vCongresos y asambleas. _912928 |
| 700 | 1 |
_aGozzer, Giovanni. _959434 |
|
| 711 | 2 |
_aSeminario Relaciones Universidad-Empresa en Europa _n(1º. _d1974. _cSanta María del Paular) _91053 |
|
| 852 |
_aES-MaACL _jE-7054 _bR.91558 |
||
| 999 |
_c115739 _d115739 |
||